| Поле | Название | Значение |
| |
Тип записи |
a |
| |
Библиографический уровень |
m |
| 001 |
Контрольный номер |
RU\NLR\BIBL_A\010678146 |
| 005 |
Дата корректировки |
20201206205011.3 |
| 010 |
Индекс ISBN |
__ |
| a |
ISBN |
978-5-227-05301-5 (в пер.) |
| d |
Цена |
159-00 |
| 100 |
Данные общей обработки |
__ |
| a |
Данные общей обработки |
19160607d2015||||||| 0rusy0189 ca |
| 101 |
Язык документа |
1_ |
| a |
Язык текста |
rus |
| c |
Язык оригинала |
eng |
| 102 |
Страна публикации |
__ |
| a |
Страна публикации |
RU| |
| 105 |
Кодированные данные (монография) |
__ |
| a |
Кодированные данные (монография) |
a|||||||000zy |
| 200 |
Заглавие и сведения об ответственности |
1_ |
| a |
Заглавие |
Запретное |
| e |
Сведения, относящиеся к заглавию |
роман : [18+] |
| f |
Первые сведения об ответственности |
Ф. Р. Тэллис ; [перевод с английского Т. М. Шуликовой] |
| b |
Общее обозначение материала |
Текст |
| 210 |
Выходные данные |
__ |
| a |
Место издания |
Москва |
| c |
Издательство |
Центрполиграф |
| d |
Дата издания |
2015 |
| 215 |
Физическое описание |
__ |
| a |
Объем |
317, [2] с. |
| c |
Иллюстрации/тип воспроизводства |
ил. |
| d |
Формат |
21 см |
| 225 |
Серия |
__ |
| a |
Серия |
Темные тайны |
| 300 |
Общие примечания |
__ |
| a |
Общие примечания |
3000 экз. |
| 300 |
Общие примечания |
__ |
| a |
Общие примечания |
В вып. дан.: 16+ |
| 330 |
Аннотация |
__ |
| a |
Аннотация |
Молодой врач Поль Клеман отправляется на Антильские острова изучать тропические болезни, где становится свидетелем жуткого ритуала убийства зомби. Несмотря на запрет разглашать тайну жрецов с далеких островов, по возвращении в Париж доктор Клеман во имя науки решается на дерзкий эксперимент: приняв яд, он провоцирует клиническую смерть и постигает тайны небытия. Хирург, участник эксперимента, возвращает его к жизни, однако в реальный мир доктора, заглянувшего в бездну, проникает потустороннее древнее зло. Одержимый демоном, Клеман отдается власти греховного, погружается в разврат, становится виновником падения любимой женщины. На грани безумия он находит в себе силы остановить процесс гибели духа и разума, но ад продолжает неотступно следовать за ним. Сможет ли Поль Клеман спасти свою душу, дать отпор силам преисподней и заслужить прощение Небес? |
| 333 |
Примечание о целевом назначении |
__ |
| a |
Примечание о целевом назначении |
18+. Запрещено для детей |
| 606 |
Тематические рубрики |
__ |
| a |
Основная рубрика |
Художественная литература |
| 606 |
Тематические рубрики |
__ |
| a |
Основная рубрика |
Литература Европы (произведения) |
| y |
Географическая подрубрика |
Англия |
| y |
Географическая подрубрика |
Великобритания |
| 610 |
Ключевые слова |
__ |
| a |
Ключевые слова |
английская литература |
| a |
Ключевые слова |
зарубежная литература |
| a |
Ключевые слова |
иностранная литература |
| a |
Ключевые слова |
романы |
| a |
Ключевые слова |
тема мистики |
| a |
Ключевые слова |
тема потустороннего мира |
| a |
Ключевые слова |
триллеры |
| 686 |
Индексы других классификаций |
__ |
| 2 |
Код системы |
rubbks |
| a |
Классификационный индекс |
84(4Вел)6-445 |
| 700 |
Автор |
_1 |
| a |
Фамилия |
Тэллис |
| b |
Имя |
Ф. |
| g |
Полное личное имя |
Фрэнк |
| 4 |
Код отношения |
070 |
| 702 |
Вторичная интеллектуальная ответственность |
_1 |
| a |
Фамилия |
Шуликова |
| b |
Имя |
Т. М. |
| 4 |
Код отношения |
Переводчик |
| 4 |
Код отношения |
730 |
| 801 |
Источник записи |
_0 |
| a |
Страна |
RU |
| b |
Организация |
Муниципальное бюджетное учреждение культуры "Централизованная библиотечная система" г. Сургут (Центральная городская библиотека им. А. С. Пушкина) |
| c |
Дата составления |
20160607 |
| g |
Правила каталогизации |
КиК/Апакова |
| 801 |
Источник записи |
_1 |
| a |
Страна |
RU |
| b |
Организация |
Муниципальное бюджетное учреждение культуры "Централизованная библиотечная система" г. Сургут (Центральная городская библиотека им. А. С. Пушкина) |
| c |
Дата составления |
20160607 |
| g |
Правила каталогизации |
КиК/Апакова |
| 852 |
Данные о местонахождении |
__ |
| j |
Шифр хранения |
84(4Вел)6-445 |
| i |
Авторский знак |
Т 96 |
| 901 |
Тип документа |
__ |
| t |
Тип документа |
m |
| 903 |
Характеристики (МАРС) |
__ |
| a |
Дата передачи |
20160607 |
| 990 |
Данные о заказе (DOS) |
__ |
| j |
Количество экземпляров (DOS) |
3 |
| t |
N записи в КСУ для И/У (DOS) |
201606 |